[Event "Meghalaya op 1st"]
[Site "Shillong"]
[Date "2023.12.20"]
[Round "10"]
[White "Dzhumaev, Marat"]
[Black "Vishal Choudary, B."]
[Result "1-0"]
[WhiteElo "2386"]
[BlackElo "1706"]
[PlyCount "67"]
[EventDate "2023.12.13"]
[EventType "swiss"]
[EventRounds "10"]
[EventCountry "IND"]
[SourceTitle "CB52_2023"]
[SourceDate "2023.12.27"]
[SourceVersion "1"]
[SourceVersionDate "2023.12.27"]
[SourceQuality "1"]

1. d4 g6 2. e4 Bg7 3. Nf3 d6 4. c3 Nd7 5. Bd3 e5 6. 0-0 Ne7 7. Re1 0-0 8. dxe5 Nxe5 9. Nxe5 dxe5 10. Bc4 Qxd1 11. Rxd1 h6 12. Be3 b6 13. a4 Bb7 14. f3 Rad8 15. Na3 a6 16. Bf2 Rfe8 17. Bh4 Kf8 18. Nc2 g5 19. Bf2 Nc6 20. Ne3 Ne7 21. Kf1 Nc8 22. Nd5 Bxd5 23. Bxd5 Nd6 24. a5 b5 25. b3 Ke7 26. c4 Rh8 27. c5 Ne8 28. Bb7 Rb8 29. c6 Nd6 30. Bc5 Rhd8 31. Bxa6 Bf8 32. Bxd6+ Rxd6 33. Rxd6 Kxd6 34. Bb7 1-0

[Event "Meghalaya op 1st"]
[Site "Shillong"]
[Date "2023.12.16"]
[Round "6"]
[White "Vishal Choudary, B."]
[Black "Tejas Shah, Jihan"]
[Result "1-0"]
[WhiteElo "1706"]
[BlackElo "1891"]
[PlyCount "89"]
[EventDate "2023.12.13"]
[EventType "swiss"]
[EventRounds "10"]
[EventCountry "IND"]
[SourceTitle "CB52_2023"]
[SourceDate "2023.12.27"]
[SourceVersion "1"]
[SourceVersionDate "2023.12.27"]
[SourceQuality "1"]

1. d4 Nf6 2. Bf4 g6 3. Nc3 d5 4. e3 Bg7 5. h4 h5 6. Nf3 0-0 7. Ne5 Bf5 8. f3 Nbd7 9. Qd2 c5 10. 0-0-0 cxd4 11. exd4 Rc8 12. Be2 a6 13. g4 hxg4 14. h5 gxf3 15. Bxf3 Ne4 16. Bxe4 dxe4 17. hxg6 fxg6 18. Qh2 Nxe5 19. Bxe5 Kf7 20. Qh7 Rg8 21. Rdf1 Rc6 22. d5 Rb6 23. Rhg1 Qc8 24. Bd4 Rd6 25. Nxe4 Kf8 26. Rxg6 Rxg6 27. Qxg6 Bxd4 28. Rxf5+ Bf6 29. Rxf6+ exf6 30. Qxf6+ Ke8 31. Nd6+ Kd7 32. Nxc8 Rg1+ 33. Kd2 Kxc8 34. Qf8+ Kd7 35. d6 Rg2+ 36. Ke3 Rxc2 37. Qe7+ Kc6 38. d7 Rc1 39. d8N+ Kb6 40. Qxb7+ Ka5 41. Nc6+ Rxc6 42. Qxc6 Kb4 43. Kd4 Ka5 44. Qc5+ Ka4 45. b3# 1-0

[Event "Dubai op-B 23rd"]
[Site "Dubai"]
[Date "2023.06.03"]
[Round "8"]
[White "Vishal Choudary, B."]
[Black "George Samir, David"]
[Result "1/2-1/2"]
[WhiteElo "1665"]
[BlackElo "2054"]
[PlyCount "79"]
[EventDate "2023.05.27"]
[EventType "swiss"]
[EventRounds "9"]
[EventCountry "UAE"]
[SourceTitle "CBM 214 Extra"]
[Source "ChessBase"]
[SourceDate "2023.07.31"]
[SourceVersion "1"]
[SourceVersionDate "2023.07.31"]
[SourceQuality "1"]

1. c4 c5 2. Nf3 Nc6 3. d4 cxd4 4. Nxd4 Nf6 5. Nc3 e6 6. a3 a6 7. e4 Qc7 8. Be3 Be7 9. Be2 0-0 10. 0-0 d6 11. Rc1 Nxd4 12. Qxd4 Nd7 13. b4 b6 14. Rfd1 Bb7 15. f4 Rfd8 16. Qd2 Rac8 17. Bd3 Qb8 18. Qf2 Bc6 19. Ne2 Qa8 20. Nc3 Qb8 21. Ne2 Qb7 22. Nc3 Nf6 23. Qc2 Ng4 24. Qe2 Nxe3 25. Qxe3 b5 26. cxb5 axb5 27. a4 bxa4 28. b5 Be8 29. Nxa4 d5 30. Rxc8 Qxc8 31. exd5 Rxd5 32. Bxh7+ Kf8 33. Rxd5 exd5 34. Bd3 d4 35. Qxd4 Qc1+ 36. Kf2 Qd2+ 37. Kg3 Bxb5 38. Nc5 Qe1+ 39. Kf3 Bc6+ 40. Be4 1/2-1/2

[Event "Dubai op-B 23rd"]
[Site "Dubai"]
[Date "2023.06.02"]
[Round "7"]
[White "Barretto, Franz"]
[Black "Vishal Choudary, B."]
[Result "1-0"]
[WhiteElo "2130"]
[BlackElo "1665"]
[PlyCount "145"]
[EventDate "2023.05.27"]
[EventType "swiss"]
[EventRounds "9"]
[EventCountry "UAE"]
[SourceTitle "CBM 214 Extra"]
[Source "ChessBase"]
[SourceDate "2023.07.31"]
[SourceVersion "1"]
[SourceVersionDate "2023.07.31"]
[SourceQuality "1"]

1. d4 d5 2. c4 e6 3. Nc3 c6 4. e3 f5 5. Bd3 Nf6 6. b3 Bd6 7. Nh3 0-0 8. Bb2 Ne4 9. Qc2 b6 10. 0-0-0 Na6 11. Qe2 Nb4 12. Bb1 a5 13. f3 Nxc3 14. Bxc3 a4 15. a3 Na6 16. b4 c5 17. dxc5 bxc5 18. b5 Nc7 19. Qb2 Qe7 20. Ba2 Rb8 21. Rd2 e5 22. Rhd1 Kh8 23. Rxd5 Nxd5 24. Rxd5 Be6 25. Rxe5 Bxe5 26. Bxe5 Rbd8 27. Nf4 Bg8 28. Nh5 Rf7 29. Bb1 Qd7 30. Bd3 Re7 31. Qc3 Bxc4 32. Nxg7 Qxd3 33. Nxf5+ Kg8 34. Nxe7+ Kf7 35. Qxd3 Rxd3 36. b6 Rb3 37. Nc8 Ba6 38. Nd6+ Ke6 39. Bf4 Rxb6 40. Ne4 Kd5 41. Nc3+ Kc6 42. Nxa4 Rb3 43. Nb2 Rxa3 44. Kd2 Kd5 45. Bh6 Bf1 46. g4 Ra6 47. Bg7 Rg6 48. Bc3 Rh6 49. e4+ Ke6 50. Na4 Kd6 51. Ke3 Rxh2 52. Bg7 Bb5 53. Bf8+ Kc6 54. Nxc5 Re2+ 55. Kf4 Bc4 56. g5 Rf2 57. Ke3 Re2+ 58. Kd4 Bb5 59. Ke5 Rf2 60. f4 Bc4 61. f5 Rg2 62. Kf6 Ba2 63. Be7 Rg3 64. Kg7 h5 65. g6 Rg4 66. e5 Bb1 67. Kh6 Bxf5 68. g7 h4 69. Bg5 Bh7 70. e6 Bg8 71. e7 Re4 72. Nxe4 Kd7 73. Nf6+ 1-0

[Event "Dubai op-B 23rd"]
[Site "Dubai"]
[Date "2023.05.30"]
[Round "4"]
[White "Vishal Choudary, B."]
[Black "Alyeldin, Mohamed"]
[Result "0-1"]
[WhiteElo "1665"]
[BlackElo "2170"]
[PlyCount "96"]
[EventDate "2023.05.27"]
[EventType "swiss"]
[EventRounds "9"]
[EventCountry "UAE"]
[SourceTitle "CBM 214 Extra"]
[Source "ChessBase"]
[SourceDate "2023.07.31"]
[SourceVersion "1"]
[SourceVersionDate "2023.07.31"]
[SourceQuality "1"]

1. e4 c5 2. Nf3 Nc6 3. d4 cxd4 4. Nxd4 Nf6 5. Nc3 e5 6. Ndb5 d6 7. Bg5 a6 8. Na3 b5 9. Bxf6 gxf6 10. Nd5 f5 11. Bxb5 axb5 12. Nxb5 Ra4 13. Nbc7+ Kd7 14. 0-0 Rg8 15. Qh5 Qg5 16. Qxf7+ Be7 17. g3 Qg6 18. Qxf5+ Qxf5 19. exf5 Ra7 20. Nb5 Rb7 21. a4 Rf8 22. Rfd1 Nd4 23. Nxd4 exd4 24. b3 Rxf5 25. Rxd4 Bf8 26. Rad1 Kd8 27. Ne3 Rf6 28. Nc4 Kc7 29. Na5 Ra7 30. b4 Bd7 31. Ra1 d5 32. c3 Rf3 33. Rc1 Bh6 34. Re1 Rxc3 35. Rxd5 Bf8 36. Re4 Ra8 37. Rh4 h6 38. Rf4 Be7 39. Rf7 Re8 40. Re5 Rc1+ 41. Kg2 Kd6 42. Re2 Be6 43. Nb7+ Kd7 44. Rf3 Bxb4 45. Rd3+ Kc7 46. Rb2 Bc4 47. Rd8 Rxd8 48. Nxd8 Bc3 0-1

[Event "Dubai op-B 23rd"]
[Site "Dubai"]
[Date "2023.05.29"]
[Round "3"]
[White "Rosol, Philip"]
[Black "Vishal Choudary, B."]
[Result "0-1"]
[WhiteElo "1963"]
[BlackElo "1665"]
[PlyCount "106"]
[EventDate "2023.05.27"]
[EventType "swiss"]
[EventRounds "9"]
[EventCountry "UAE"]
[SourceTitle "CBM 214 Extra"]
[Source "ChessBase"]
[SourceDate "2023.07.31"]
[SourceVersion "1"]
[SourceVersionDate "2023.07.31"]
[SourceQuality "1"]

1. d4 d5 2. c4 e6 3. Nc3 c6 4. Nf3 dxc4 5. a4 Bb4 6. Bd2 a5 7. e3 b5 8. axb5 Bxc3 9. Bxc3 cxb5 10. b3 Bb7 11. bxc4 b4 12. Bb2 Nf6 13. Bd3 0-0 14. 0-0 Nbd7 15. Re1 Qc7 16. e4 e5 17. h3 Nh5 18. Nxe5 Nxe5 19. dxe5 Nf4 20. Qf3 Ne6 21. Bc2 Bc6 22. Red1 a4 23. Rd6 Rfb8 24. Bd1 a3 25. Bc1 Nc5 26. Qg4 Bxe4 27. Bf3 Bxf3 28. Qxf3 b3 29. Rxa3 Rxa3 30. Bxa3 b2 31. Bxb2 Rxb2 32. Qa8+ Rb8 33. Qd5 Ne6 34. Qe4 Rc8 35. Qf5 Qxc4 36. g3 g6 37. Qf6 Qe4 38. Rd1 Nd4 39. e6 Nxe6 40. h4 Qf5 41. Qe7 Rc2 42. Rf1 Kg7 43. Qd6 Qc5 44. Qd7 Nd4 45. Qg4 h5 46. Qe4 Nf5 47. Qf4 Rc4 48. Qd2 Nxg3 49. Qb2+ Kh7 50. Re1 Nf5 51. Qf6 Rg4+ 52. Kf1 Qc4+ 53. Re2 Rxh4 0-1

[Event "Raipur Chhattisgarh"]
[Site "Raipur"]
[Date "2022.09.25"]
[Round "7"]
[White "Pandey, Srishti"]
[Black "Vishal Choudary, B."]
[Result "1-0"]
[WhiteElo "2173"]
[BlackElo "2042"]
[PlyCount "87"]
[EventDate "2022.09.19"]
[EventType "swiss"]
[EventRounds "10"]
[EventCountry "IND"]
[SourceTitle "CBM 210 Extra"]
[Source "ChessBase"]
[SourceDate "2022.11.30"]
[SourceVersion "1"]
[SourceVersionDate "2022.11.30"]
[SourceQuality "1"]

1. d4 f5 2. Bg5 c6 3. Nd2 Qb6 4. e3 d6 5. Ngf3 g6 6. Bc4 Bg7 7. Bb3 Nd7 8. c3 Ngf6 9. Qc2 d5 10. c4 e6 11. h4 Qa5 12. 0-0 Ne4 13. Bf4 Ndf6 14. Be5 0-0 15. a3 Ng4 16. Bxg7 Kxg7 17. Rac1 h6 18. Qd1 Nxd2 19. Qxd2 Qd8 20. Bd1 Nf6 21. Qe1 Ne4 22. g3 g5 23. Kg2 dxc4 24. hxg5 hxg5 25. Ne5 c5 26. f3 Nf6 27. dxc5 Qd5 28. Nxc4 Qxc5 29. b4 Qc7 30. Qc3 b5 31. Qe5 Qxe5 32. Nxe5 Nd5 33. Re1 Kf6 34. Nd3 Nb6 35. Bb3 Rd8 36. Rcd1 a5 37. Nc5 Bd7 38. Rd6 Rab8 39. bxa5 Rbc8 40. Nxe6 Bxe6 41. Rxe6+ Kg7 42. axb6 Rd2+ 43. Kg1 Rh8 44. Rd1 1-0

[Event "Raipur Chhattisgarh"]
[Site "Raipur"]
[Date "2022.09.22"]
[Round "4"]
[White "Vishal Choudary, B."]
[Black "Vaibhav, Jayant Raut"]
[Result "0-1"]
[WhiteElo "2042"]
[BlackElo "2243"]
[PlyCount "104"]
[EventDate "2022.09.19"]
[EventType "swiss"]
[EventRounds "10"]
[EventCountry "IND"]
[SourceTitle "CBM 210 Extra"]
[Source "ChessBase"]
[SourceDate "2022.11.30"]
[SourceVersion "1"]
[SourceVersionDate "2022.11.30"]
[SourceQuality "1"]

1. e4 c5 2. Nf3 e6 3. d4 cxd4 4. Nxd4 Nf6 5. Bd3 Nc6 6. Be3 d5 7. exd5 Nxd5 8. Nxc6 bxc6 9. Bd4 Qh4 10. Be5 Bc5 11. 0-0 0-0 12. Nd2 Rd8 13. Nf3 Qe7 14. a3 Bb7 15. c4 Nf6 16. Qc2 a5 17. Bxf6 Qxf6 18. Bxh7+ Kf8 19. Be4 g6 20. Rad1 Kg7 21. b4 Rxd1 22. Qxd1 axb4 23. axb4 Bxb4 24. Qd7 Qe7 25. Qxe7 Bxe7 26. Rb1 Ra7 27. Ne5 Bc5 28. g4 Bd4 29. Nxc6 Bxc6 30. Bxc6 Ra2 31. Rf1 Rc2 32. Bb5 f5 33. g5 e5 34. Kg2 e4 35. Kg3 Kf7 36. Bc6 Rc3+ 37. Kg2 Rc2 38. Bd5+ Ke7 39. Kg3 Rc3+ 40. Kg2 Rf3 41. h3 Bc5 42. h4 Rf4 43. f3 e3 44. Re1 Rxh4 45. Kg3 Rh8 46. f4 Rb8 47. Kf3 Rb2 48. Re2 Rb1 49. Rh2 Rf1+ 50. Kg3 Bd6 51. Bf3 Rg1+ 52. Rg2 Bxf4+ 0-1

[Event "Dubai op 22nd"]
[Site "Dubai"]
[Date "2022.08.27"]
[Round "1"]
[White "Vishal Choudary, B."]
[Black "Sandipan, Chanda"]
[Result "0-1"]
[WhiteElo "2077"]
[BlackElo "2458"]
[PlyCount "74"]
[EventDate "2022.08.27"]
[EventType "swiss"]
[EventRounds "9"]
[EventCountry "UAE"]
[SourceTitle "CBM 210 Extra"]
[Source "ChessBase"]
[SourceDate "2022.11.30"]
[SourceVersion "1"]
[SourceVersionDate "2022.11.30"]
[SourceQuality "1"]

1. e4 c5 2. Nf3 d6 3. d4 cxd4 4. Nxd4 Nf6 5. f3 e5 6. Nb3 Be7 7. c4 a5 8. Be3 Nc6 9. Be2 Be6 10. 0-0 0-0 11. Na3 Nd7 12. Nb5 a4 13. Nd2 Bg5 14. Bf2 Qa5 15. Nb1 Qb4 16. Qc2 Na5 17. N1a3 Rfc8 18. Rfd1 Bxc4 19. Be1 Qc5+ 20. Bf2 Be3 21. Bxc4 Nxc4 22. Nxd6 Nxd6 23. Qxc5 Bxc5 24. Bxc5 Nxe4 25. Be3 Nef6 26. g4 h6 27. h4 Nf8 28. g5 hxg5 29. hxg5 Nh5 30. Rd5 Ng6 31. Rd7 b5 32. Rb7 Rab8 33. Rxb5 Rxb5 34. Nxb5 Rc2 35. b3 axb3 36. axb3 Nh4 37. Rf1 Rg2+ 0-1

[Event "Abu Dhabi Masters 28th"]
[Site "Abu Dhabi"]
[Date "2022.08.25"]
[Round "9"]
[White "Vishal Choudary, B."]
[Black "Okeke, Isaac Chukwudalu"]
[Result "0-1"]
[WhiteElo "2077"]
[BlackElo "2185"]
[PlyCount "98"]
[EventDate "2022.08.17"]
[EventType "swiss"]
[EventRounds "9"]
[EventCountry "UAE"]
[SourceTitle "CBM 209 Extra"]
[Source "ChessBase"]
[SourceDate "2022.09.30"]
[SourceVersion "1"]
[SourceVersionDate "2022.09.30"]
[SourceQuality "1"]

1. e4 c5 2. Nf3 Nc6 3. d4 cxd4 4. Nxd4 e5 5. Nb3 Nf6 6. f3 d5 7. Bg5 Be6 8. N1d2 dxe4 9. Bxf6 Qxf6 10. Nxe4 Qf4 11. Bb5 Qe3+ 12. Qe2 Qxe2+ 13. Kxe2 0-0-0 14. Bxc6 bxc6 15. Rhd1 Be7 16. Nec5 Bf5 17. c3 Kc7 18. Ne4 Bc8 19. Nec5 Kb6 20. Nd3 Ba6 21. Nbc1 f5 22. Ke1 Bh4+ 23. g3 Bf6 24. Nf2 Rxd1+ 25. Kxd1 h5 26. a4 Rd8+ 27. Kc2 Bg5 28. a5+ Kc7 29. Ncd3 e4 30. fxe4 fxe4 31. Nc5 Rd2+ 32. Kb3 Rxf2 33. Nxa6+ Kd6 34. h4 Bd2 35. Ra4 e3 36. Kc2 Rg2 37. Rd4+ Ke5 38. Nc5 Be1+ 39. Kd3 Bxg3 40. Re4+ Kf5 41. Rxe3 Bxh4 42. Rf3+ Kg6 43. b4 Rg3 44. Ke4 Rxf3 45. Kxf3 Be1 46. Ne4 Kf5 47. Nd6+ Ke6 48. Nc8 a6 49. Na7 Kd7 0-1

[Event "Prague op"]
[Site "Prague"]
[Date "2022.06.12"]
[Round "4"]
[White "Vishal Choudary, B."]
[Black "Sedlak, Nikola"]
[Result "0-1"]
[WhiteElo "2101"]
[BlackElo "2477"]
[PlyCount "80"]
[EventDate "2022.06.10"]
[EventType "swiss"]
[EventRounds "9"]
[EventCountry "CZE"]
[SourceTitle "CBM 208 Extra"]
[Source "ChessBase"]
[SourceDate "2022.07.31"]
[SourceVersion "1"]
[SourceVersionDate "2022.07.31"]
[SourceQuality "1"]

1. e4 c6 2. d4 d5 3. Nc3 dxe4 4. Nxe4 Nf6 5. Nxf6+ exf6 6. c3 Qd5 7. Nf3 Bd6 8. Be2 Bc7 9. c4 Qd6 10. 0-0 0-0 11. h3 Bf5 12. Be3 Be4 13. c5 Qd8 14. b4 Nd7 15. Nd2 Bg6 16. b5 f5 17. bxc6 bxc6 18. Nb3 Nf6 19. Bg5 h6 20. Bh4 Bh7 21. Bxf6 Qxf6 22. d5 cxd5 23. Qxd5 Rad8 24. Qc4 Qe5 25. f4 Qe3+ 26. Kh1 g5 27. Rf3 Qe4 28. fxg5 Qe5 29. g3 hxg5 30. Raf1 f4 31. gxf4 gxf4 32. Bd3 Rxd3 33. Rxd3 Be4+ 34. Rdf3 Rd8 35. Kg1 Bxf3 36. Rxf3 Rd1+ 37. Rf1 Qe3+ 38. Kh1 Qxh3+ 39. Kg1 Qg3+ 40. Kh1 f3 0-1

[Event "Sharjah Blitz op 27th"]
[Site "Sharjah"]
[Date "2022.04.08"]
[Round "7"]
[White "Dimakiling, Oliver"]
[Black "Vishal Choudary, B."]
[Result "1-0"]
[WhiteElo "2420"]
[BlackElo "2101"]
[PlyCount "133"]
[EventDate "2022.04.08"]
[EventType "swiss (blitz)"]
[EventRounds "9"]
[EventCountry "UAE"]
[SourceTitle "CBM 207 Extra"]
[Source "ChessBase"]
[SourceDate "2022.05.31"]
[SourceVersion "1"]
[SourceVersionDate "2022.05.31"]
[SourceQuality "1"]

1. c4 f5 2. Nc3 Nf6 3. d3 g6 4. e4 d6 5. f4 e5 6. Nf3 Nc6 7. Nd5 Bg7 8. fxe5 dxe5 9. Bg5 Be6 10. Qa4 0-0 11. 0-0-0 Qc8 12. h4 a6 13. Qxc6 Bxd5 14. Qc5 Be6 15. exf5 Bxf5 16. Nxe5 Re8 17. Nf3 b6 18. Qf2 Ng4 19. Qd2 h6 20. Bf4 h5 21. d4 Qe6 22. Ng5 Qf6 23. c5 bxc5 24. Bc4+ Kh8 25. Be5 Qb6 26. Bxg7+ Kxg7 27. dxc5 Qf6 28. Qd4 Qxd4 29. Rxd4 Re7 30. Rhd1 Ne3 31. Re1 Rae8 32. Bxa6 Nxg2 33. Rxe7+ Rxe7 34. a4 Re5 35. b4 Ne3 36. a5 Nd5 37. Bb7 Nc3 38. a6 Ne2+ 39. Kb2 Nxd4 40. a7 Re8 41. a8Q Rxa8 42. Bxa8 Kf6 43. Kc3 Nb5+ 44. Kc4 Na7 45. b5 Nc8 46. Bb7 Ke7 47. Kd5 Na7 48. b6 cxb6 49. cxb6 Nb5 50. Bc6 Nd6 51. b7 Nxb7 52. Bxb7 Kf6 53. Kd6 Bc2 54. Bc8 Bd3 55. Kd5 Bb1 56. Kd4 Ba2 57. Ke3 Bb1 58. Kf4 Bc2 59. Nf3 Bb1 60. Nd2 Bc2 61. Nc4 Bb1 62. Ne3 Bd3 63. Nd5+ Kg7 64. Kg5 Be4 65. Nf4 Bb1 66. Bd7 Ba2 67. Nxg6 1-0

[Event "Sharjah Blitz op 27th"]
[Site "Sharjah"]
[Date "2022.04.08"]
[Round "3"]
[White "Vishal Choudary, B."]
[Black "Sindarov, Javokhir"]
[Result "0-1"]
[WhiteElo "2101"]
[BlackElo "2609"]
[PlyCount "86"]
[EventDate "2022.04.08"]
[EventType "swiss (blitz)"]
[EventRounds "9"]
[EventCountry "UAE"]
[SourceTitle "CBM 207 Extra"]
[Source "ChessBase"]
[SourceDate "2022.05.31"]
[SourceVersion "1"]
[SourceVersionDate "2022.05.31"]
[SourceQuality "1"]

1. e4 c5 2. Nf3 e6 3. c4 Nc6 4. Nc3 Nf6 5. a3 a6 6. d4 cxd4 7. Nxd4 Qc7 8. Be3 b6 9. Be2 Bb7 10. 0-0 h5 11. h3 Ne5 12. Rc1 Nxe4 13. Nxe4 Bxe4 14. f4 Nc6 15. Bf3 Bxf3 16. Qxf3 Bc5 17. Nb5 Qb8 18. Bxc5 bxc5 19. Nc3 Nd4 20. Qg3 0-0 21. Kh1 Qxb2 22. Rb1 Ne2 23. Nxe2 Qxe2 24. f5 exf5 25. Rxf5 g6 26. Rg5 Qe6 27. Re1 Qc6 28. Rxh5 Rae8 29. Rf1 Re4 30. Rg5 Rxc4 31. Qe5 Qe6 32. Qg3 Re4 33. Rg4 Rxg4 34. hxg4 c4 35. Rc1 d5 36. Qf3 Re8 37. Kh2 Kg7 38. Rf1 d4 39. Qd1 d3 40. Qd2 Qe5+ 41. Kh1 Qd4 42. g3 Qd5+ 43. Kh2 Re2+ 0-1

[Event "Sharjah Rapid op 27th"]
[Site "Sharjah"]
[Date "2022.04.07"]
[Round "9"]
[White "Zubarev, Alexander2222"]
[Black "Vishal Choudary, B."]
[Result "0-1"]
[WhiteElo "2372"]
[BlackElo "2101"]
[PlyCount "57"]
[EventDate "2022.04.06"]
[EventType "swiss (rapid)"]
[EventRounds "9"]
[EventCountry "UAE"]
[SourceTitle "CBM 207 Extra"]
[Source "ChessBase"]
[SourceDate "2022.05.31"]
[SourceVersion "1"]
[SourceVersionDate "2022.05.31"]
[SourceQuality "1"]

1. Nf3 f5 2. g3 Nf6 3. Bg2 g6 4. d3 Bg7 5. 0-0 0-0 6. e4 d6 7. exf5 Bxf5 8. Nd4 Bc8 9. f4 e5 10. Nf3 Nc6 11. Nc3 Bg4 12. h3 Bd7 13. fxe5 dxe5 14. Bg5 Qc8 15. Kh2 Nh5 16. Qd2 Be6 17. Be3 Qd7 18. Ng5 Kh8 19. Nxe6 Qxe6 20. Ne4 Nd4 21. c3 Nf5 22. Bc5 Rg8 23. Ng5 Qf6 24. Ne4 Qd8 25. g4 Bh6 26. Qe1 Bf4+ 27. Kg1 Nhg3 28. Nxg3 Bxg3 29. Qe2 0-1

[Event "Sharjah Rapid op 27th"]
[Site "Sharjah"]
[Date "2022.04.06"]
[Round "2"]
[White "Vishal Choudary, B."]
[Black "El Adnani, Mokliss"]
[Result "0-1"]
[WhiteElo "2101"]
[BlackElo "2406"]
[PlyCount "114"]
[EventDate "2022.04.06"]
[EventType "swiss (rapid)"]
[EventRounds "9"]
[EventCountry "UAE"]
[SourceTitle "CBM 207 Extra"]
[Source "ChessBase"]
[SourceDate "2022.05.31"]
[SourceVersion "1"]
[SourceVersionDate "2022.05.31"]
[SourceQuality "1"]

1. e4 c5 2. Nf3 e6 3. c4 Nc6 4. Nc3 Nf6 5. a3 d5 6. exd5 exd5 7. cxd5 Nxd5 8. Bc4 Nxc3 9. bxc3 Be7 10. 0-0 0-0 11. h3 Na5 12. Ba2 c4 13. Qc2 Be6 14. Bb1 g6 15. Nd4 Bd5 16. Re1 Bf6 17. d3 Re8 18. Be3 Rc8 19. Ba2 cxd3 20. Qxd3 Bxa2 21. Rxa2 Nc4 22. Rae2 Nxe3 23. Rxe3 Rxe3 24. Rxe3 a6 25. Ne2 Kg7 26. Qxd8 Rxd8 27. Ng3 Rd1+ 28. Kh2 Ra1 29. c4 Bd4 30. Rd3 Bxf2 31. Ne4 Bg1+ 32. Kg3 f5 33. Nd6 b6 34. Ne8+ Kh6 35. Nc7 a5 36. Nb5 Rc1 37. Nd6 Bc5 38. Kf3 Bxd6 39. Rxd6 Rxc4 40. Rxb6 Rc3+ 41. Kf4 Rxa3 42. g4 Ra4+ 43. Kg3 fxg4 44. hxg4 Rb4 45. Ra6 a4 46. Ra7 Kg5 47. Ra5+ Kf6 48. Ra7 h5 49. gxh5 gxh5 50. Ra5 h4+ 51. Kf3 Ke6 52. Ra6+ Kd5 53. Ra5+ Kc4 54. Rh5 Kb3 55. Ke3 a3 56. Kd3 a2 57. Ra5 Kb2 0-1

[Event "Arandjelovac ASK-09 IM"]
[Site "Arandjelovac"]
[Date "2022.03.19"]
[Round "8"]
[White "Vishal Choudary, B."]
[Black "Popchev, Milko"]
[Result "0-1"]
[WhiteElo "2109"]
[BlackElo "2185"]
[PlyCount "116"]
[EventDate "2022.03.14"]
[EventType "tourn"]
[EventRounds "9"]
[EventCountry "SRB"]
[SourceTitle "CBM 207 Extra"]
[Source "ChessBase"]
[SourceDate "2022.05.31"]
[SourceVersion "1"]
[SourceVersionDate "2022.05.31"]
[SourceQuality "1"]

1. e4 d6 2. d4 e5 3. Nf3 exd4 4. Nxd4 Nf6 5. Nc3 Be7 6. Qf3 0-0 7. Nf5 c6 8. Nxe7+ Qxe7 9. Bg5 Nbd7 10. 0-0-0 Re8 11. Qg3 Ne5 12. f4 Ng6 13. Bd3 Nh5 14. Qf3 f6 15. Qxh5 fxg5 16. Bc4+ Kh8 17. Qxg5 Qxg5 18. fxg5 Ne5 19. Be2 Nf7 20. h4 Be6 21. Bh5 g6 22. Be2 Kg7 23. Rhf1 Rad8 24. Rf6 Re7 25. Rdf1 Ne5 26. h5 gxh5 27. Bxh5 Bf7 28. Be2 Bg6 29. Bd3 Nf7 30. Ne2 Nxg5 31. Ng3 Re5 32. R6f4 Ne6 33. Nf5+ Bxf5 34. Rxf5 Ng5 35. Rxe5 dxe5 36. Rf5 Nf7 37. b3 Re8 38. Kd2 Nd6 39. Rf3 Re6 40. Ke3 Rg6 41. Rf2 Rg3+ 42. Ke2 h5 43. Kf1 h4 44. Rd2 Kf6 45. Kf2 Kg5 46. Rd1 Kf4 47. Rh1 Kg5 48. Rd1 a5 49. Re1 b5 50. Rd1 c5 51. Rb1 a4 52. Rd1 c4 53. bxc4 bxc4 54. Bf1 Nxe4+ 55. Kg1 Rc3 56. Rc1 Kf4 57. Be2 Ng3 58. Kf2 e4 0-1

[Event "Arandjelovac ASK-09 IM"]
[Site "Arandjelovac"]
[Date "2022.03.16"]
[Round "4"]
[White "Mahitosh, Dey"]
[Black "Vishal Choudary, B."]
[Result "1/2-1/2"]
[WhiteElo "2180"]
[BlackElo "2109"]
[PlyCount "66"]
[EventDate "2022.03.14"]
[EventType "tourn"]
[EventRounds "9"]
[EventCountry "SRB"]
[SourceTitle "CBM 207 Extra"]
[Source "ChessBase"]
[SourceDate "2022.05.31"]
[SourceVersion "1"]
[SourceVersionDate "2022.05.31"]
[SourceQuality "1"]

1. d4 f5 2. Nf3 Nf6 3. Bf4 g6 4. e3 Bg7 5. Be2 0-0 6. h3 d6 7. 0-0 c6 8. c4 Qe8 9. Nc3 Nbd7 10. d5 Nc5 11. Nd4 Qf7 12. Rc1 Kh8 13. Bh2 cxd5 14. cxd5 Nxd5 15. Nxd5 Qxd5 16. Bc4 Qe4 17. b4 Ne6 18. Bd3 Qh4 19. Rxc8 Rfxc8 20. Nxe6 Qxb4 21. Nxg7 Kxg7 22. Qa1+ Qc3 23. Qb1 Rab8 24. Bg3 b5 25. f3 b4 26. Rd1 a5 27. Be1 Qe5 28. Bf2 d5 29. e4 dxe4 30. Bxe4 Rd8 31. Bd3 Qc3 32. Be1 Qd4+ 33. Bf2 Qc3 1/2-1/2

[Event "Arandjelovac ASK-09 IM"]
[Site "Arandjelovac"]
[Date "2022.03.14"]
[Round "1"]
[White "Vishal Choudary, B."]
[Black "Pikula, Dejan"]
[Result "0-1"]
[WhiteElo "2109"]
[BlackElo "2332"]
[PlyCount "72"]
[EventDate "2022.03.14"]
[EventType "tourn"]
[EventRounds "9"]
[EventCountry "SRB"]
[SourceTitle "CBM 207 Extra"]
[Source "ChessBase"]
[SourceDate "2022.05.31"]
[SourceVersion "1"]
[SourceVersionDate "2022.05.31"]
[SourceQuality "1"]

1. e4 c5 2. Nf3 e6 3. c4 a6 4. Nc3 d6 5. d4 cxd4 6. Nxd4 Nf6 7. Be3 Be7 8. Be2 0-0 9. 0-0 Qc7 10. Rc1 b6 11. f4 Bb7 12. Bf3 Nbd7 13. g4 Nc5 14. Qc2 a5 15. g5 Nfd7 16. Qg2 g6 17. f5 Ne5 18. f6 Bd8 19. Qh3 Nxf3+ 20. Rxf3 h5 21. gxh6 Kh7 22. Qh4 Nd3 23. Ncb5 Qd7 24. Rc3 Nc5 25. Bg5 Nxe4 26. Rce3 Nxg5 27. Qxg5 Rc8 28. Rg3 Rc5 29. Qg4 Rxc4 30. Qe2 Rc1+ 31. Kf2 Bxf6 32. Qd3 e5 33. Ne2 Rh1 34. Qxd6 Qf5+ 35. Ref3 Bxf3 36. Rxf3 Rxh2+ 0-1

[Event "Arandjelovac ASK-8 IM"]
[Site "Arandjelovac"]
[Date "2022.03.11"]
[Round "7"]
[White "Lohia, Sohum"]
[Black "Vishal Choudary, B."]
[Result "1-0"]
[WhiteElo "2224"]
[BlackElo "2109"]
[PlyCount "89"]
[EventDate "2022.03.07"]
[EventType "tourn"]
[EventRounds "9"]
[EventCountry "SRB"]
[SourceTitle "CBM 207 Extra"]
[Source "ChessBase"]
[SourceDate "2022.05.31"]
[SourceVersion "1"]
[SourceVersionDate "2022.05.31"]
[SourceQuality "1"]

1. e4 c5 2. Nf3 g6 3. d4 cxd4 4. Nxd4 Bg7 5. c4 Nc6 6. Be3 Nf6 7. Nc3 Ng4 8. Qxg4 Nxd4 9. Qd1 Ne6 10. Qd2 0-0 11. Be2 b6 12. 0-0 Bb7 13. f3 Bc6 14. b4 Nc7 15. Rad1 d6 16. Rfe1 Qc8 17. Bd3 e6 18. Bf1 Rd8 19. Bg5 Rd7 20. Rc1 f6 21. Bf4 Qf8 22. Qc2 Rad8 23. Qb3 Kh8 24. Nb5 Bxb5 25. cxb5 e5 26. Be3 d5 27. Red1 d4 28. Bd2 f5 29. Bd3 Ne8 30. a4 Nd6 31. a5 Bh6 32. Qe6 Re7 33. Bxh6 Rxe6 34. Bxf8 Rxf8 35. Rc7 fxe4 36. fxe4 Rf7 37. Rdc1 Ree7 38. R7c6 Rd7 39. axb6 axb6 40. Rxb6 Rf4 41. Rb8+ Kg7 42. b6 Nxe4 43. Bxe4 d3 44. Rc7 Rff7 45. Rbb7 1-0

[Event "Arandjelovac ASK-8 IM"]
[Site "Arandjelovac"]
[Date "2022.03.09"]
[Round "4"]
[White "Vishal Choudary, B."]
[Black "Acor, Corey B"]
[Result "0-1"]
[WhiteElo "2109"]
[BlackElo "2326"]
[PlyCount "48"]
[EventDate "2022.03.07"]
[EventType "tourn"]
[EventRounds "9"]
[EventCountry "SRB"]
[SourceTitle "CBM 207 Extra"]
[Source "ChessBase"]
[SourceDate "2022.05.31"]
[SourceVersion "1"]
[SourceVersionDate "2022.05.31"]
[SourceQuality "1"]

1. e4 e5 2. Nf3 Nc6 3. d4 exd4 4. Nxd4 Bc5 5. Nb3 Bb6 6. Nc3 d6 7. Be2 Nge7 8. 0-0 0-0 9. Kh1 a5 10. Na4 Ba7 11. c4 f5 12. exf5 Bxf5 13. Bg5 Qd7 14. Bf3 Ng6 15. c5 Nge5 16. Bd5+ Kh8 17. f4 Ng4 18. Qf3 Nb4 19. Bxb7 Rab8 20. c6 Qf7 21. Rae1 Nd3 22. Re2 Rbe8 23. Rd2 Re3 24. Qd1 Qh5 0-1